=LDR 00000nam 2200000 4500 =001 INLIS000000000038658 =005 20130612144325 =008 ***********************************Ind** =035 ##$$0010-061300000038658 =041 ##$$a Ind =082 ##$$a 641.637 4 =090 ##$$a 641.637 4, Ism o =100 ##$$a Ismayani, Yeni =245 ##$$a Olahan Coklat Spesial, Yeni Ismayani; Editor, Intarina Hardiman =260 ##$$a 2010 $b Jakarta =300 ##$$a 40 hlm, Ilus, 21 cm =650 ##$$a Coklat Olahan =700 ##$$a Hardiman, Intarina =850 ##$$a NBPNMAT